[Event "CN Seniori 2012"]
[Site "Sarata Monteoru/Romania"]
[Date "2012.02.18"]
[Round "8.40"]
[White "Iordachescu, Sorin-Emanuel"]
[Black "Jugaru, Lucian"]
[Result "0-1"]
[WhiteElo "1876"]
[BlackElo "2013"]
[PlyCount "60"]
[EventDate "2012.??.??"]

1. d4 Nf6 2. c4 g6 3. Nc3 Bg7 4. e4 d6 5. f3 O-O 6. Be3 Nbd7 7. Nge2 a6 8. Qd2
c5 9. g4 cxd4 10. Nxd4 Qa5 11. Rg1 Ne5 12. h3 Qc5 13. Qe2 Qa5 14. Qd2 Be6 15.
b3 Bd7 16. f4 Nc6 17. Rc1 Nxd4 18. Bxd4 Nxe4 19. Nxe4 Qxd2+ 20. Kxd2 Bxd4 21.
Rg3 Bc6 22. Bd3 Rad8 23. Ng5 Bf2 24. Re3 Bxe3+ 25. Kxe3 h6 26. Nf3 e5 27. f5 e4
28. Bxe4 Rfe8 29. Nd2 Rxe4+ 30. Nxe4 Re8 0-1

[Event "CN Seniori 2012"]
[Site "Sarata Monteoru/Romania"]
[Date "2012.02.18"]
[Round "8.41"]
[White "Tiron, Calin-Andrei"]
[Black "Gheorghiu, Calin"]
[Result "0-1"]
[WhiteElo "1856"]
[BlackElo "2003"]
[PlyCount "82"]
[EventDate "2012.??.??"]

1. e4 c5 2. Nc3 e6 3. g4 h5 4. gxh5 Nc6 5. d3 Nf6 6. Bg2 Nxh5 7. Be3 g6 8. Nge2
d6 9. Ng3 Bg7 10. Qd2 Qa5 11. Nd1 Qxd2+ 12. Kxd2 Bh6 13. Nxh5 Bxe3+ 14. Nxe3
Rxh5 15. h4 Bd7 16. c3 Ke7 17. Bf3 Rh6 18. h5 gxh5 19. Rxh5 Rxh5 20. Bxh5 Rh8
21. Rh1 Ne5 22. d4 cxd4 23. cxd4 Nc6 24. Nc2 e5 25. Ke3 Bg4 26. Bxg4 Rxh1 27.
d5 Nb8 28. Kd2 Na6 29. Ne3 Kd8 30. a3 Nc5 31. f3 Rh2+ 32. Kd1 Na4 33. b3 Nb2+
34. Ke1 Nd3+ 35. Kf1 Rf2+ 36. Kg1 Ra2 37. Nf5 Kc7 38. Nh6 Rxa3 39. Nxf7 Rxb3
40. Ng5 a5 41. Ne6+ Kb6 0-1

[Event "CN Seniori 2012"]
[Site "Sarata Monteoru/Romania"]
[Date "2012.02.18"]
[Round "8.42"]
[White "Tudose, Cristian"]
[Black "David, Alexandru-Vasile"]
[Result "0-1"]
[WhiteElo "1854"]
[BlackElo "1968"]
[PlyCount "166"]
[EventDate "2012.??.??"]

1. e4 c5 2. Nc3 Nc6 3. g3 g6 4. Bg2 Bg7 5. Nge2 d6 6. O-O e6 7. d3 Rb8 8. Be3
Nd4 9. Qd2 b5 10. Bxd4 cxd4 11. Nd1 Ne7 12. f4 O-O 13. g4 f5 14. g5 Bb7 15. Nf2
e5 16. a4 a6 17. c4 dxc3 18. bxc3 d5 19. exf5 Nxf5 20. fxe5 Bxe5 21. d4 Bd6 22.
axb5 axb5 23. Ng4 Be7 24. Qd3 Bxg5 25. Nf4 Bxf4 26. Rxf4 Qg5 27. Raf1 Nh4 28.
Rxf8+ Rxf8 29. Rxf8+ Kxf8 30. Qf1+ Kg7 31. Ne5 Bc8 32. Qf7+ Kh6 33. Qf2 Qxg2+
34. Qxg2 Nxg2 35. Kxg2 Be6 36. Kg3 g5 37. h4 Kh5 38. hxg5 Kxg5 39. Nf3+ Kf5 40.
Nd2 Bd7 41. Nb3 Be8 42. Nc5 Bg6 43. Kf3 Bh5+ 44. Ke3 Bd1 45. Na6 Bb3 46. Nc7
Bc4 47. Ne8 h5 48. Kf3 Kg5 49. Nd6 Kh4 50. Kf4 Kh3 51. Kf3 Bd3 52. Ke3 Bc4 53.
Kf3 h4 54. Nf7 Kh2 55. Kf2 Bd3 56. Nd6 Kh3 57. Kf3 Be4+ 58. Kf4 Bc2 59. Kf3 Bd3
60. Ke3 Kg2 61. Kxd3 h3 62. Nxb5 h2 63. Nc7 h1=Q 64. Nxd5 Kf3 65. Kc4 Ke4 66.
Nb4 Qf1+ 67. Kc5 Qf3 68. c4 Qf8+ 69. Kb5 Kxd4 70. Nc6+ Kc3 71. c5 Qc8 72. Na5
Qc7 73. c6 Kd4 74. Nc4 Kd5 75. Nb6+ Kd6 76. Nc4+ Kd5 77. Nb6+ Ke6 78. Nc4 Qa7
79. Nb6 Qb8 80. Kc5 Qe5+ 81. Kb4 Qd4+ 82. Kb5 Kd6 83. Nc4+ Kc7 0-1

[Event "CN Seniori 2012"]
[Site "Sarata Monteoru/Romania"]
[Date "2012.02.18"]
[Round "8.43"]
[White "Patrascu, Catalin-Lucian"]
[Black "Toma, Mihail"]
[Result "1/2-1/2"]
[WhiteElo "1816"]
[BlackElo "1964"]
[PlyCount "55"]
[EventDate "2012.??.??"]

1. e4 d5 2. exd5 Qxd5 3. Nc3 Qa5 4. Bc4 Nf6 5. d4 c6 6. Bd2 Bf5 7. Nf3 e6 8.
Ne5 Qb6 9. Bc1 Nbd7 10. O-O Nxe5 11. dxe5 Nd7 12. Qe2 O-O-O 13. a3 h5 14. b4
Qd4 15. Bb2 Qxe5 16. Qxe5 Nxe5 17. Bb3 Bd6 18. Ne2 Bc7 19. Rfe1 Ng4 20. Ng3 Rd2
21. Nxf5 exf5 22. h3 Nxf2 23. Bc3 Rhd8 24. Bxd2 Rxd2 25. Re8+ Kd7 26. Rae1 Ne4
27. Rf8 Bb6+ 28. Kh2 1/2-1/2

[Event "CM Seniori 2012"]
[Site "Sarata Monteoru"]
[Date "2012.02.18"]
[Round "8.44"]
[White "Carapit, Vasile"]
[Black "Fulger, Ionut"]
[Result "0-1"]
[WhiteElo "1849"]
[BlackElo "1946"]
[PlyCount "56"]
[EventDate "2012.02.13"]

1. e4 e6 2. g3 d5 3. Bg2 c5 4. exd5 exd5 5. Qe2+ Be6 6. Nh3 Bd6 7. Bxd5 Qe7 8.
Bxe6 fxe6 9. Qb5+ Nc6 10. O-O O-O-O 11. c3 h5 12. Qe2 h4 13. g4 Nf6 14. d3 Ne5
15. f3 Nxd3 16. Na3 Bb8 17. Nc4 e5 18. Bf4 Rhe8 19. Bg5 e4 20. Bxh4 Rh8 21.
Bxf6 Qxf6 22. fxe4 Qe6 23. Rf3 Rxh3 24. Rxh3 Nf4 25. Qf1 Qxg4+ 26. Rg3 Ne2+ 27.
Kf2 Bxg3+ 28. hxg3 Rf8+ 0-1

[Event "CN Seniori 2012"]
[Site "Sarata Monteoru/Romania"]
[Date "2012.02.18"]
[Round "8.45"]
[White "Badelita, Beniamin"]
[Black "Gavrilescu, David"]
[Result "1-0"]
[WhiteElo "1945"]
[BlackElo "1800"]
[PlyCount "97"]
[EventDate "2012.??.??"]

1. c4 e6 2. g3 d5 3. d4 dxc4 4. Nc3 Bb4 5. Bg2 c6 6. e3 Nf6 7. Nge2 O-O 8. O-O
a6 9. Qc2 b5 10. a4 Bxc3 11. Nxc3 b4 12. Ne2 a5 13. Qxc4 Ba6 14. Qc2 Qb6 15. b3
Nd5 16. Re1 Rc8 17. Bb2 Nd7 18. e4 Ne7 19. Qd2 c5 20. d5 c4 21. bxc4 Bxc4 22.
Nf4 exd5 23. exd5 Qd6 24. g4 Ng6 25. Nh5 Nde5 26. Qd4 f6 27. g5 Bb3 28. f4 Nd7
29. gxf6 gxf6 30. Re6 Qc5 31. Nxf6+ Nxf6 32. Rxf6 Qxd4+ 33. Bxd4 Rd8 34. d6 Ra6
35. Be5 Rb6 36. Be4 Bf7 37. Rc1 b3 38. Rc7 Nxe5 39. fxe5 Bg6 40. Bxg6 hxg6 41.
Rf1 b2 42. Rb1 Rb4 43. Re7 Rc8 44. d7 Rc1+ 45. Kf2 Rd4 46. Rxb2 Rf4+ 47. Kg3
Rf8 48. Rd2 Rc3+ 49. Kg2 1-0

[Event "CN Seniori 2012"]
[Site "Sarata Monteoru/Romania"]
[Date "2012.02.18"]
[Round "8.47"]
[White "Mongescu, Lucian"]
[Black "Coman, Liviu"]
[Result "0-1"]
[WhiteElo "1984"]
[BlackElo "1794"]
[PlyCount "42"]
[EventDate "2012.??.??"]

1. d4 Nf6 2. c4 e6 3. Nc3 Bb4 4. Bd2 O-O 5. Nf3 c5 6. e3 cxd4 7. exd4 d5 8. a3
Bxc3 9. Bxc3 Ne4 10. Qc2 Nxc3 11. bxc3 Nd7 12. Bd3 Nf6 13. O-O b6 14. Rab1 Ba6
15. Ne5 Qc7 16. Qa4 Qb7 17. c5 Bxd3 18. c6 Qa6 19. Qxa6 Bxa6 20. Rfc1 Rfc8 21.
g4 Ne4 0-1

[Event "CN Seniori 2012"]
[Site "Sarata Monteoru/Romania"]
[Date "2012.02.18"]
[Round "8.48"]
[White "Porfireanu, Serban"]
[Black "Ciortan, Mihail"]
[Result "0-1"]
[WhiteElo "1927"]
[BlackElo "1721"]
[PlyCount "120"]
[EventDate "2012.??.??"]

1. Nf3 d6 2. g3 c6 3. c4 f5 4. d4 Nf6 5. Bg2 g6 6. O-O Bg7 7. Nc3 O-O 8. Qc2
Na6 9. a3 Nc7 10. Bg5 Be6 11. b3 Qd7 12. Rad1 Rac8 13. Bc1 Kh8 14. Ng5 Bg8 15.
e4 h6 16. Nf3 e6 17. e5 Nfe8 18. exd6 Nxd6 19. Ne5 Qe8 20. a4 Rf6 21. f4 Nf7
22. Qe2 Nxe5 23. dxe5 Rf7 24. Rd3 Rd8 25. Rfd1 Rfd7 26. Ba3 Bf7 27. a5 Kg8 28.
Bd6 Na8 29. Na4 Bf8 30. Nc5 Bxd6 31. Nxd7 Rxd7 32. Rxd6 Rxd6 33. Rxd6 Nc7 34.
Qd2 Kg7 35. Rd7 Na6 36. Rxb7 Nc5 37. Rxa7 Qb8 38. Re7 Qxb3 39. Bxc6 Ne4 40.
Bxe4 fxe4 41. Rd7 Qxc4 42. Rd4 Qc5 43. Kf2 Be8 44. Qb4 Qc2+ 45. Rd2 Qc1 46. a6
Qh1 47. Qb7+ Kf8 48. Ke3 Qe1+ 49. Re2 Qc3+ 50. Kf2 Qf3+ 51. Ke1 Qc3+ 52. Kf1
Qf3+ 53. Ke1 Qc3+ 54. Kf1 Qf3+ 55. Rf2 Qd1+ 56. Kg2 e3 57. Qb4+ Kf7 58. Qb7+
Kf8 59. Rf1 Qd2+ 60. Kh3 e2 0-1

[Event "CN Seniori 2012"]
[Site "Sarata Monteoru/Romania"]
[Date "2012.02.18"]
[Round "8.49"]
[White "Arghirescu, Marius"]
[Black "David, Bogdan-Emanuel"]
[Result "1-0"]
[WhiteElo "1921"]
[BlackElo "1667"]
[PlyCount "81"]
[EventDate "2012.??.??"]

1. e4 d6 2. d4 Nf6 3. Nc3 g6 4. f4 Bg7 5. Nf3 c5 6. Bb5+ Bd7 7. Bxd7+ Qxd7 8.
dxc5 dxc5 9. O-O Nc6 10. e5 Qxd1 11. Rxd1 Nd7 12. Be3 O-O-O 13. Ng5 Rdf8 14.
Rd2 h6 15. Nxf7 Ndxe5 16. Nxh8 Nc4 17. Nxg6 Rg8 18. Nd5 Bf6 19. Nxf6 exf6 20.
f5 Nxe3 21. Rd6 Nxf5 22. Rxf6 Kb8 23. Rxf5 Rxg6 24. Rxc5 b6 25. Rc4 Kb7 26. Re1
b5 27. Rce4 Rg5 28. c3 Kb6 29. Re6 h5 30. b4 Rg4 31. Rh6 h4 32. Re3 Kb7 33. h3
Rf4 34. Rf3 Re4 35. Rf7+ Kb6 36. Kf2 Rc4 37. Rf3 Kb7 38. Ke2 Re4+ 39. Re3 Rf4
40. Ree6 Rc4 41. Kd3 1-0

[Event "CN Seniori 2012"]
[Site "Sarata Monteoru/Romania"]
[Date "2012.02.18"]
[Round "8.50"]
[White "Olinici, Emanuel"]
[Black "Moldoveanu, Paul"]
[Result "1-0"]
[WhiteElo "1794"]
[BlackElo "1859"]
[PlyCount "61"]
[EventDate "2012.??.??"]

1. d4 d5 2. Nf3 Nf6 3. g3 c6 4. Bg2 Bg4 5. O-O Qd7 6. Re1 Bh3 7. Bh1 e6 8. Nbd2
Be7 9. e4 dxe4 10. Nxe4 Nxe4 11. Rxe4 Bf5 12. Re1 h6 13. c3 O-O 14. Qb3 Na6 15.
Ne5 Qc8 16. Be3 Nc7 17. c4 Bf6 18. Rad1 Rd8 19. a4 a6 20. a5 Rb8 21. Bg2 c5 22.
f4 cxd4 23. Bxd4 Ne8 24. Bb6 Nc7 25. Rxd8+ Bxd8 26. Rd1 f6 27. Nd7 Ra8 28. Qb4
e5 29. Qf8+ Kh7 30. Qf7 Bg6 31. Nf8+ 1-0

[Event "CN Seniori 2012"]
[Site "Sarata Monteoru/Romania"]
[Date "2012.02.18"]
[Round "8.52"]
[White "Soare, Flavius-Alexandru"]
[Black "Vacar, Gligore"]
[Result "1/2-1/2"]
[WhiteElo "1668"]
[BlackElo "1788"]
[PlyCount "53"]
[EventDate "2012.??.??"]

1. e4 d5 2. exd5 Qxd5 3. Nc3 Qe5+ 4. Be2 Bg4 5. d4 Bxe2 6. Ngxe2 Qh5 7. Bf4 c6
8. O-O e6 9. Qd2 Bb4 10. Rfe1 Ne7 11. a3 Bxc3 12. Qxc3 Nd5 13. Qg3 Nxf4 14.
Nxf4 Qh6 15. d5 cxd5 16. Nxd5 Na6 17. Qd6 Qg5 18. Rad1 Rd8 19. Nc7+ Nxc7 20.
Qxc7 Qe7 21. Rxd8+ Qxd8 22. Qxb7 O-O 23. Qxa7 Qd2 24. Qe3 Qxc2 25. Qe2 Qb3 26.
g3 Rb8 27. Rb1 1/2-1/2

[Event "CN Seniori 2012"]
[Site "Sarata Monteoru/Romania"]
[Date "2012.02.18"]
[Round "8.53"]
[White "Zlatea, Cezar-Stelian"]
[Black "Rusu, Vasile"]
[Result "0-1"]
[WhiteElo "1679"]
[BlackElo "1760"]
[PlyCount "100"]
[EventDate "2012.??.??"]

1. e4 e5 2. Nf3 Nf6 3. Nxe5 d6 4. Nf3 Nxe4 5. Nc3 Nxc3 6. dxc3 Be7 7. Be3 Nc6
8. Qd2 O-O 9. O-O-O Be6 10. Kb1 Na5 11. Bd3 Nc4 12. Qe2 Nxe3 13. Qxe3 c6 14.
Qe4 g6 15. h4 d5 16. Qe3 Qb6 17. Qd2 Bg4 18. h5 Bf6 19. hxg6 fxg6 20. Ka1 Bg7
21. Rhg1 Rae8 22. Qg5 Bf5 23. Qf4 h6 24. Bxf5 Rxf5 25. Qg3 g5 26. Rge1 Qd8 27.
Qg4 Qd7 28. Qa4 Qd8 29. Qg4 Qd7 30. Qa4 a6 31. Qb4 Rf7 32. Qc5 Bf6 33. Qb6 Rfe7
34. Re3 Rxe3 35. Qxe3 Qe7 36. Qxe7 Bxe7 37. g4 Kf7 38. Kb1 Bc5 39. Ne5+ Ke6 40.
Nd3 Bd6 41. Kc1 c5 42. Kd2 c4 43. Ne1 Ke5 44. Ng2 Ke4 45. Ke2 b5 46. f3+ Ke5
47. Ne3 a5 48. Nf5 Bf8 49. Nd4 b4 50. Nc6+ Kf4+ 0-1

[Event "CN Seniori 2012"]
[Site "Sarata Monteoru/Romania"]
[Date "2012.02.18"]
[Round "8.54"]
[White "Mardan, Cristian"]
[Black "David, Dorian-Ciprian"]
[Result "1/2-1/2"]
[WhiteElo "1556"]
[BlackElo "1726"]
[PlyCount "211"]
[EventDate "2012.??.??"]

1. e4 a6 2. d4 b5 3. Nf3 Bb7 4. Bd3 e6 5. Bg5 Be7 6. Bxe7 Qxe7 7. Nbd2 Nf6 8.
h3 c5 9. e5 Nd5 10. Be4 Nc6 11. c3 Nf4 12. g3 Ng6 13. Nb3 cxd4 14. cxd4 Na5 15.
Bxb7 Nxb7 16. Rc1 d6 17. O-O O-O 18. Qe2 Rfc8 19. Rxc8+ Rxc8 20. Rc1 Rxc1+ 21.
Nxc1 Qc7 22. Nb3 Qc6 23. exd6 Nxd6 24. Ne5 Qd5 25. Nxg6 hxg6 26. Qe5 Qxe5 27.
dxe5 Nc4 28. Nc5 a5 29. Nd3 a4 30. b3 axb3 31. axb3 Nd2 32. b4 Kf8 33. f4 Ke7
34. Nc5 f6 35. Kf2 Nc4 36. Nd3 f5 37. Nc5 Nb6 38. Nb3 Nd5 39. Nd4 g5 40. Kf3
gxf4 41. gxf4 Nc7 42. Ke2 Kf7 43. Kf3 Kg6 44. Kg3 Kh5 45. h4 g6 46. Kh3 Kh6 47.
Kg3 Kg7 48. Kf3 Kf7 49. Ke2 Ke7 50. Kd2 Kd7 51. Ke2 Ke7 52. Kf3 Kd8 53. Nc6+
Kd7 54. Nd4 Ke8 55. Ke2 Kf7 56. Kf3 Kg7 57. Kg3 Kh6 58. Kf3 Kh7 59. Kg3 Kg7 60.
Kf3 Kf7 61. Ke2 Ke7 62. Kf3 Kd7 63. Ke2 Nd5 64. Kf3 Nc3 65. Ke3 Ke7 66. Nc6+
Kd7 67. Nd4 Nd5+ 68. Kf3 Nc7 69. Ke2 Nd5 70. Kf3 Nc7 71. Ke2 Nd5 72. Kf3 Nxb4
73. Nxb5 Kc6 74. Nd6 Nd5 75. Nf7 Kd7 76. Kg3 Ke7 77. Ng5 Nb6 78. Kf3 Nd7 79.
Kg3 Nf8 80. Kf3 Kd7 81. Ke3 Kc6 82. Kd4 Kb5 83. Nf3 Kc6 84. Ng5 Kc7 85. Ke3 Kb7
86. Kd4 Kc6 87. Kc4 Kd7 88. Kd3 Ke7 89. Ke3 Nd7 90. Kf3 Nb6 91. Ke2 Nd7 92. Kf3
Nf8 93. Kg3 Kd7 94. Kf3 Kc6 95. Ke2 Kd5 96. Ke3 Nd7 97. Nh7 Nxe5 98. fxe5 Kxe5
99. Ng5 f4+ 100. Kf2 Kf5 101. Kf3 e5 102. Ne4 Ke6 103. Ng5+ Kf5 104. Ne4 Ke6
105. Ng5+ Kf5 106. Ne4 1/2-1/2

[Event "CN Seniori 2012"]
[Site "Sarata Monteoru/Romania"]
[Date "2012.02.18"]
[Round "8.55"]
[White "Ionita, Ioan"]
[Black "Soare, Cristel"]
[Result "1-0"]
[WhiteElo "1720"]
[BlackElo "1519"]
[PlyCount "45"]
[EventDate "2012.??.??"]

1. e4 e5 2. Nf3 Nc6 3. d4 exd4 4. Nxd4 Nxd4 5. Qxd4 c6 6. Bc4 Qa5+ 7. Nc3 Qc5
8. Be3 Qxd4 9. Bxd4 d6 10. O-O Be6 11. Bd3 O-O-O 12. Bxa7 Bd7 13. Bd4 f6 14. a4
Ne7 15. a5 c5 16. Be3 Bc6 17. a6 bxa6 18. Rxa6 Bb7 19. Ra2 Nc6 20. Nd5 Be7 21.
Bb5 Kd7 22. Bxc6+ Bxc6 23. Ra7+ 1-0

[Event "CN Seniori 2012"]
[Site "Sarata Monteoru/Romania"]
[Date "2012.02.18"]
[Round "8.56"]
[White "Nistor, Stefan"]
[Black "Puscas, Filip-Andrei"]
[Result "0-1"]
[WhiteElo "1707"]
[BlackElo "1420"]
[PlyCount "76"]
[EventDate "2012.??.??"]

1. d4 d5 2. c4 e6 3. Nc3 Nf6 4. Bg5 Be7 5. Nf3 O-O 6. e3 Nbd7 7. cxd5 exd5 8.
Bd3 c5 9. dxc5 Nxc5 10. Be2 Nce4 11. O-O Bg4 12. Bf4 Nxc3 13. bxc3 Rc8 14. Rc1
Ne4 15. Be5 f6 16. Bd4 Bc5 17. h3 Bxd4 18. cxd4 Bh5 19. Qb3 Nd2 20. Rxc8 Qxc8
21. Qxd5+ Bf7 22. Qa5 Nxf1 23. Bxf1 a6 24. a4 Bc4 25. Bxc4+ Qxc4 26. Nd2 Qa2
27. Nf3 b5 28. Qxa6 bxa4 29. Qc6 a3 30. d5 Qb1+ 31. Kh2 a2 32. Nd2 Qd1 33. d6
a1=Q 34. Nf3 Qa3 35. Nd4 Rd8 36. g3 Qxd6 37. Qe4 Qe5 38. Qc6 Qd5 0-1

[Event "CN Seniori 2012"]
[Site "Sarata Monteoru/Romania"]
[Date "2012.02.18"]
[Round "8.59"]
[White "Mihalea, Stefan"]
[Black "Rosca, Grigore"]
[Result "0-1"]
[WhiteElo "1723"]
[BlackElo "1668"]
[PlyCount "60"]
[EventDate "2012.??.??"]

1. e4 e6 2. b3 d5 3. exd5 exd5 4. Nf3 Nf6 5. Bb2 c5 6. d4 Nc6 7. dxc5 Bxc5 8.
Bb5 Bxf2+ 9. Kxf2 Qb6+ 10. Nd4 Ne4+ 11. Kf1 O-O 12. Be2 Be6 13. Bf3 f5 14. c3
Ne5 15. g3 Ng4 16. Qe2 Bd7 17. Kg2 Rae8 18. Bxe4 Rxe4 19. Qd3 Rfe8 20. Bc1 Re2+
21. Nxe2 Qf2+ 22. Kh3 Rxe2 23. Qxd5+ Kh8 24. Kh4 Bc6 25. Qd8+ Re8 26. Qd4 Qf3
27. Rg1 Re4 28. Qxe4 Bxe4 29. Nd2 g5+ 30. Kxg5 Qe3+ 0-1

[Event "CN Seniori 2012"]
[Site "Sarata Monteoru/Romania"]
[Date "2012.02.18"]
[Round "8.60"]
[White "Balea, Dumitru-Lucian"]
[Black "Chivulescu, Adrian-Alexandru"]
[Result "0-1"]
[WhiteElo "1490"]
[BlackElo "1545"]
[PlyCount "110"]
[EventDate "2012.??.??"]

1. d4 d5 2. Bf4 e6 3. e3 c5 4. Nf3 Nc6 5. c4 dxc4 6. Bxc4 cxd4 7. Nxd4 Nxd4 8.
Qxd4 Qxd4 9. exd4 Nf6 10. O-O Be7 11. Nc3 Bb4 12. a3 Bxc3 13. bxc3 b6 14. Rfe1
O-O 15. Bd6 Re8 16. Bb5 Bd7 17. Bxd7 Nxd7 18. Rac1 Rac8 19. Be5 Nxe5 20. Rxe5
Red8 21. Ree1 g6 22. f4 Rc4 23. Kf2 Rdc8 24. Re3 Rxd4 25. g3 Ra4 26. Ra1 Rac4
27. Rc1 b5 28. Ke2 b4 29. axb4 Rxb4 30. Kd2 Rb5 31. Rd3 Kf8 32. Kc2 Ke7 33. Ra1
Rc7 34. Ra6 Rb6 35. Rxb6 axb6 36. Kb3 Rd7 37. Re3 Rd5 38. c4 Rc5 39. Kb4 Kd7
40. Ra3 h5 41. Ra7+ Rc7 42. Rxc7+ Kxc7 43. Kb5 f6 44. c5 bxc5 45. Kxc5 Kd7 46.
h4 Kc7 47. Kc4 Kc6 48. Kd4 Kb5 49. Kd3 Kc5 50. Ke3 Kd5 51. Kd3 e5 52. fxe5 fxe5
53. Ke3 e4 54. Ke2 Kd4 55. Kd2 e3+ 0-1

[Event "CN Seniori 2012"]
[Site "Sarata Monteoru/Romania"]
[Date "2012.02.19"]
[Round "9.1"]
[White "Cioara, Andrei-Nestor"]
[Black "Manolache, Marius"]
[Result "1/2-1/2"]
[WhiteElo "2456"]
[BlackElo "2552"]
[PlyCount "103"]
[EventDate "2012.??.??"]
[TimeControl "40/5400+30:900+30"]

1. d4 Nf6 2. c4 d6 3. Nc3 g6 4. g3 Bg7 5. Bg2 c6 6. Nf3 a6 7. a4 a5 8. O-O O-O
9. h3 Na6 10. e4 Nb4 11. Bg5 d5 12. cxd5 cxd5 13. e5 Ne4 14. Be3 f6 15. exf6
exf6 16. Qb3 Kh8 17. Nd2 Nd6 18. Na2 Nxa2 19. Qxa2 Nf5 20. Qxd5 Qxd5 21. Bxd5
Nxe3 22. fxe3 Bxh3 23. Rfc1 Rfe8 24. Kf2 Bh6 25. Ra3 Bf8 26. Rd3 Rab8 27. Rh1
Bd7 28. Bf7 Re7 29. Bxg6 Bxa4 30. b3 Bb5 31. Rc3 Rg7 32. Bf5 Bb4 33. Rc2 Rd8
34. Nf3 Bd6 35. g4 a4 36. bxa4 Bxa4 37. Rc4 Bb5 38. Rc3 Ra8 39. Rc2 Re7 40. e4
Bd3 41. e5 Bxc2 42. exd6 Bxf5 43. dxe7 Bd7 44. d5 Kg8 45. g5 Kg7 46. gxf6+ Kxf6
47. Rxh7 b5 48. d6 b4 49. Rh6+ Kf5 50. Rh5+ Ke6 51. Ne5 Kxd6 52. Nf3 1/2-1/2

[Event "CN Seniori 2012"]
[Site "Sarata Monteoru/Romania"]
[Date "2012.02.19"]
[Round "9.2"]
[White "Nevednichy, Vladislav"]
[Black "Lupulescu, Constantin"]
[Result "1/2-1/2"]
[WhiteElo "2546"]
[BlackElo "2648"]
[PlyCount "52"]
[EventDate "2012.??.??"]
[TimeControl "40/5400+30:900+30"]

1. e4 c5 2. Nf3 d6 3. Bb5+ Nd7 4. d4 cxd4 5. Qxd4 a6 6. Bxd7+ Bxd7 7. O-O Rc8
8. Nc3 e5 9. Qa7 Bc6 10. Rd1 Qc7 11. Qe3 b5 12. a3 Be7 13. Qe2 h6 14. Rd3 Nf6
15. Nh4 g6 16. Nf3 Qb7 17. Nd2 Kf8 18. b3 Kg7 19. Bb2 Rc7 20. Rf1 g5 21. Rg3
Kf8 22. h4 Rg8 23. hxg5 hxg5 24. Re1 Bd7 25. Nf1 g4 26. Rd3 Be6 1/2-1/2

[Event "CN Seniori 2012"]
[Site "Sarata Monteoru/Romania"]
[Date "2012.02.19"]
[Round "9.3"]
[White "Martian, Dragos-Daniel"]
[Black "Vajda, Levente"]
[Result "0-1"]
[WhiteElo "2074"]
[BlackElo "2594"]
[PlyCount "60"]
[EventDate "2012.??.??"]
[TimeControl "40/5400+30:900+30"]

1. e4 e5 2. Nf3 d6 3. d4 exd4 4. Nxd4 Nf6 5. Nc3 Be7 6. Bc4 O-O 7. Bb3 Na6 8.
O-O Nc5 9. Re1 Re8 10. h3 h6 11. f4 Bf8 12. Qf3 c6 13. Bd2 Re7 14. Re2 Nxb3 15.
Nxb3 Be6 16. Rd1 Bc4 17. Ree1 b5 18. e5 dxe5 19. fxe5 Nd5 20. Qg3 Re6 21. Be3
Qc7 22. Bc5 Rg6 23. Qf3 b4 24. Na4 Nb6 25. Bxf8 Rxf8 26. Nxb6 axb6 27. Rd2 Bd5
28. Qe3 Re8 29. Nd4 Rg5 30. Nf3 Bxf3 0-1

[Event "CN Seniori 2012"]
[Site "Sarata Monteoru/Romania"]
[Date "2012.02.19"]
[Round "9.4"]
[White "Berescu, Alin-Mile"]
[Black "Miron, Lucian-Costin"]
[Result "1/2-1/2"]
[WhiteElo "2488"]
[BlackElo "2525"]
[PlyCount "53"]
[EventDate "2012.??.??"]
[TimeControl "40/5400+30:900+30"]

1. c4 e6 2. g3 d5 3. Bg2 Nf6 4. Nf3 c6 5. O-O Be7 6. b3 a5 7. Qc2 O-O 8. Bb2 a4
9. bxa4 Nbd7 10. cxd5 exd5 11. Nc3 Nb6 12. e3 Nfd7 13. Rab1 Nc5 14. Ba3 Ncxa4
15. Nxa4 Nxa4 16. Bxe7 Qxe7 17. Rfc1 Qd8 18. Rb4 Nb6 19. d3 Ra5 20. Nd4 Nd7 21.
Nb3 Ra7 22. a4 Qe7 23. Qc3 Ne5 24. Nc5 Nd7 25. Nb3 Ne5 26. Nc5 Nd7 27. Nb3
1/2-1/2

[Event "CN Seniori 2012"]
[Site "Sarata Monteoru/Romania"]
[Date "2012.02.19"]
[Round "9.5"]
[White "Jianu, Vlad-Cristian"]
[Black "Filip, Lucian"]
[Result "1/2-1/2"]
[WhiteElo "2508"]
[BlackElo "2490"]
[PlyCount "27"]
[EventDate "2012.??.??"]
[TimeControl "40/5400+30:900+30"]

1. c4 Nf6 2. g3 c6 3. Bg2 d5 4. Nf3 Bg4 5. Ne5 Be6 6. cxd5 Bxd5 7. Nf3 c5 8.
Nc3 Bc6 9. O-O e6 10. Qc2 Nbd7 11. b3 Be7 12. Bb2 O-O 13. Rfd1 Rc8 14. Rac1
1/2-1/2

[Event "CN Seniori 2012"]
[Site "Sarata Monteoru/Romania"]
[Date "2012.02.19"]
[Round "9.6"]
[White "Manea, Alexandru"]
[Black "Anton, Teodor"]
[Result "1-0"]
[WhiteElo "2429"]
[BlackElo "2393"]
[PlyCount "130"]
[EventDate "2012.??.??"]
[TimeControl "40/5400+30:900+30"]

1. c4 g6 2. Nc3 Bg7 3. Nf3 c5 4. g3 Nc6 5. Bg2 e5 6. O-O Nge7 7. Ne1 O-O 8. Nc2
d6 9. a3 Be6 10. Ne3 a5 11. Rb1 f5 12. d3 h6 13. Ned5 Rb8 14. Bd2 g5 15. b4
axb4 16. axb4 cxb4 17. Nxe7+ Qxe7 18. Nd5 Qf7 19. Nxb4 Ne7 20. Nc2 d5 21. cxd5
Nxd5 22. Ne3 f4 23. Nxd5 Bxd5 24. Bxd5 Qxd5 25. Qb3 Qxb3 26. Rxb3 Rfc8 27. Rc1
Rxc1+ 28. Bxc1 b5 29. Kg2 Kf7 30. Ba3 fxg3 31. Kxg3 h5 32. Kf3 Ke6 33. Ke4 g4
34. Bc5 h4 35. Rb1 Bf8 36. Bxf8 Rxf8 37. Ke3 Rb8 38. Rb4 Kf5 39. h3 Rg8 40.
hxg4+ Rxg4 41. Rxb5 h3 42. Rb1 Kg5 43. Kf3 Kh4 44. Rb8 Rf4+ 45. Ke3 Rf5 46.
Rh8+ Kg4 47. Rg8+ Kh4 48. Rh8+ Kg4 49. Rh7 Rf6 50. Rg7+ Kh5 51. Rh7+ Kg4 52.
Rh8 Rf5 53. Rh6 Rf8 54. Rg6+ Kh4 55. Rg7 Rf5 56. Rh7+ Kg4 57. Rh8 Rg5 58. Ke4
Rg7 59. Ke3 Rg5 60. Ke4 Rg7 61. Rh6 Rg8 62. Rh7 Rf8 63. Rg7+ Kh4 64. Ke3 Rh8
65. Kf3 Rf8+ 1-0

[Event "CN Seniori 2012"]
[Site "Sarata Monteoru/Romania"]
[Date "2012.02.19"]
[Round "9.7"]
[White "Balla, Tamas-Kristof"]
[Black "Szabo, Gergely-Andras-Gyul"]
[Result "1/2-1/2"]
[WhiteElo "2377"]
[BlackElo "2554"]
[PlyCount "52"]
[EventDate "2012.??.??"]
[TimeControl "40/5400+30:900+30"]

1. d4 Nf6 2. c4 e6 3. Nc3 Bb4 4. Qc2 O-O 5. a3 Bxc3+ 6. Qxc3 b5 7. cxb5 c6 8.
Qd3 cxb5 9. e4 Bb7 10. f3 Nc6 11. Ne2 b4 12. Be3 a5 13. Qd2 bxa3 14. Rxa3 d5
15. e5 Nd7 16. b3 Qe7 17. Ra1 Rfc8 18. Rc1 Qa3 19. Nc3 Nb4 20. Rb1 Bc6 21. Be2
a4 22. Bd1 Nb6 23. O-O Be8 24. Bg5 axb3 25. Rxb3 Qa5 26. Nb1 Bb5 1/2-1/2

[Event "CN Seniori 2012"]
[Site "Sarata Monteoru/Romania"]
[Date "2012.02.19"]
[Round "9.8"]
[White "Doros, Radu-Marian"]
[Black "Baratosi, Daniel"]
[Result "1-0"]
[WhiteElo "2338"]
[BlackElo "2418"]
[PlyCount "93"]
[EventDate "2012.??.??"]
[TimeControl "40/5400+30:900+30"]

1. d4 Nf6 2. c4 e6 3. g3 d5 4. Nf3 Be7 5. Bg2 O-O 6. O-O dxc4 7. Qc2 a6 8. a4
Bd7 9. Qxc4 Bc6 10. Bf4 a5 11. Nc3 Na6 12. Rac1 Bxf3 13. Bxf3 c6 14. e4 Nb4 15.
Be3 Nd7 16. Bg2 Rc8 17. Rfd1 Bd6 18. Qe2 Re8 19. h4 Bf8 20. h5 Kh8 21. f4 f5
22. Bh3 Qf6 23. e5 Qf7 24. g4 Nb6 25. Kh1 Rcd8 26. Rg1 N6d5 27. Bd2 fxg4 28.
Qxg4 Ne7 29. Qxe6 Qxe6 30. Bxe6 Rxd4 31. Be3 Rd3 32. Bb6 Nc8 33. Bxc8 Rxc8 34.
Rcd1 Rh3+ 35. Kg2 Rxh5 36. Rd7 Re8 37. Rgd1 Kg8 38. Rd8 Rxd8 39. Rxd8 Kf7 40.
Bxa5 Nc2 41. Ne4 Ne3+ 42. Kf3 Nc4 43. Bc3 Be7 44. Rd7 Ke6 45. Rxb7 Rh3+ 46. Ng3
g6 47. Ke4 1-0

[Event "CN Seniori 2012"]
[Site "Sarata Monteoru/Romania"]
[Date "2012.02.19"]
[Round "9.9"]
[White "Pop, Alexandru"]
[Black "Georgescu, Tiberiu-Marian"]
[Result "1-0"]
[WhiteElo "2254"]
[BlackElo "2415"]
[PlyCount "77"]
[EventDate "2012.??.??"]
[TimeControl "40/5400+30:900+30"]

1. Nf3 c5 2. e4 d6 3. d4 cxd4 4. Nxd4 Nf6 5. Nc3 a6 6. f3 e5 7. Nb3 Be6 8. Be3
h5 9. Qd2 Nbd7 10. O-O-O Rc8 11. Kb1 b5 12. Nd5 Bxd5 13. exd5 Nb6 14. Bxb6 Qxb6
15. Bd3 g6 16. Rhe1 Bh6 17. Qa5 Nd7 18. a4 Qxa5 19. Nxa5 bxa4 20. Nb7 Ke7 21.
Re4 Rc7 22. Na5 Nc5 23. Rb4 f5 24. c3 Kf6 25. Bc2 Re8 26. Bxa4 Nxa4 27. Rxa4 e4
28. fxe4 Rxe4 29. c4 Re2 30. Nc6 Rxg2 31. c5 Bf8 32. Rxa6 Rb7 33. Rb6 Rc7 34.
Nb8 Rc8 35. cxd6 Rd8 36. d7+ Kf7 37. Rb7 Be7 38. Nc6 f4 39. d6 1-0